| 000 | 00867nam a22002537a 4500 | ||
|---|---|---|---|
| 005 | 20170123162355.0 | ||
| 010 | _a992597 | ||
| 020 | _c40.00 | ||
| 035 | _a992597 | ||
| 037 | _bCen Lib/Ret | ||
| 040 |
_aDPL _bUR |
||
| 082 |
_a840 _bم ن ٹ |
||
| 100 |
_aمتل، پریم گوپال _9534 |
||
| 245 |
_a: منٹو _cپریم گوپال متل _b/ شخصیت اورفن |
||
| 246 |
_aMinto: shakhsiyat aur fun / _bby Prem Gopal Mittal |
||
| 260 |
_aنئی دہلی _bموڈر ن پبلشگ ھاوس _c1980 |
||
| 270 |
_a1-گولا مارکیٹ,دریا گنج _bنئی دہلی _e110002 |
||
| 300 |
_a336p. _c21cm(Hb) |
||
| 650 |
_aاردو ادب _vسوانح _9141909 |
||
| 650 |
_aسوانح- اردو _9509 |
||
| 650 |
_aUrdu Literature _vBiography _9141910 |
||
| 650 |
_aUrdu - Biography _9511 |
||
| 942 |
_2ddc _cUR _h840 _mم ن ٹ |
||
| 999 |
_c109554 _d109554 |
||